000 02335aab a2200505 a 4500
003 AR-RoUNA
008 140529||||||||||||||||| |||| 0|||| d
040 _aAR-RoUNA
_bspa
041 _aspa
_aeng
044 _aag
080 _a72.036
245 1 3 _aOn Diseño /
_nNº 179
260 _aBarcelona :
_bOn Diseño,
_c1996
300 _a167 p. :
_bdib.
_bfot. col.
_bplantas
_c29x24 cm
505 0 _tDISEÑO
505 0 _aCompetició Paxau / La motocicleta de trial Gas Gas Contact JTX. p. 62
505 0 _tARQUITECTURA
505 0 _aIsozaki Arata / Pabellón polideportivo en Lalafolis. (Barcelona). p. 68
505 0 _tNUEVAS APORTACIONES DEL DISEÑO OBJETUAL
505 0 _aMite, Diseño y Producción/ Colgador L Ou. p. 88
505 0 _aTusquets Oscar. Rousselot Ricardo (Mobles 114) / Reloj Nautilus. p. 92
505 0 _aLlusca Josep (Permasa) / Sistema Entropía. p. 95
505 0 _aSamso Eduard (AMAT)/ Silla Biarritz. p. 99
505 0 _aBonet Victor. Vinardell Carles ( Disform)/ Estantería Augusta. p. 104
505 0 _aLlevoré y Asociados (Perobell)/ Programa de tapizados Metropolitanos. p. 108
505 0 _aGallén Vicente. Figuerola Sandra. Gallén Marisa / Alfombras Gandia Blasco. p. 114
505 0 _aCiganda Miguel Angel (Casas) / Sistemas Compás. p . 118
505 0 _aDiaz Silvia (La Mediterránea)/ Colecciones Sabana y Flavia. p. 122
505 0 _aTresserra Jaime / Librería Prólogo. p. 126
505 0 _aDuran Meritxell (Nani Marquina)/ Colección de alfombras La Granja. p. 130
505 0 _aCiganda Miguel ángel (Vaniux)/ Lámpara Veroca. p. 134
505 0 _tESPACIO, DISEÑO Y ARQUITECTURA EN EL TEATRO CONTEMPORÁNEO.
505 0 _aLluis Pau. Martorell Bohigas. Mackay y Moner Jeroni / Teatro Municipal de Banyoles. (Girna). p. 140
505 0 _aMariscal Javier / Escenografía y vestuario para El Retablo de Maese Pedro. p. 150
505 0 _aLa Fura del Baus / El espacio en Manes. p. 160
650 _aArquitectura contemporanea
_912621
653 _aExposiciones
653 _aPremios
700 1 _aLlopis, Carme
_edrt
_912622
773 _aOn Diseño
_dBarcelona, AramEdiciones S.A, 1996
_gNº179( 1997). p.167
_x0210-2080
908 _aImp
942 _2udc
_cART
945 _aMBP
_d2019-02-20
980 _86
_gMirna Bonanno Potro
_66
_aMirna Bonanno Potro
999 _c12118
_d12118